000 00879nam a2200181Ia 4500
008 090124s9999 xx 000 0 und d
082 _b132445
100 _aवडावाला सुमेध (रिसबूड)
245 _a" चित्रं ( स्मृतिचित्रं,विस्मृतिचित्रं ) दीर्घकथा"
250 _a1
260 _c2004
300 _a159
600 _aवडावाला सुमेध (रिसबूड)
630 _a" चित्रं ( स्मृतिचित्रं,विस्मृतिचित्रं ) दीर्घकथा"
700 _aवडावाला सुमेध (रिसबूड)
730 _a" चित्रं ( स्मृतिचित्रं,विस्मृतिचित्रं ) दीर्घकथा"
942 _cBOOK
999 _c178534
_d178534